00383nam a2200121Ia 4500008004100000100002400041245004100065260004200106300000800148942000700156999001500163952008300178201224s9999 xx 000 0 und d aAsher, Catherine B. 0a(The) New Cambridge History of India aNew DelhibCambridge University Press a368 cBK c9089d9089 00104070aCLd2020-12-24o954.029 A8251pPM04484r2020-12-24w2020-12-24yBK